| 000 -LEADER |
| fixed length control field |
01677cam a22003974a 4500 |
| 001 - CONTROL NUMBER |
| control field |
14382813 |
| 005 - DATE AND TIME OF LATEST TRANSACTION |
| control field |
20170105102914.0 |
| 008 - FIXED-LENGTH DATA ELEMENTS--GENERAL INFORMATION |
| fixed length control field |
060519s2006 nyuabf b 001 0 eng |
| 010 ## - LIBRARY OF CONGRESS CONTROL NUMBER |
| LC control number |
2006043701 |
| 020 ## - INTERNATIONAL STANDARD BOOK NUMBER |
| International Standard Book Number |
0743294238 |
| 020 ## - INTERNATIONAL STANDARD BOOK NUMBER |
| International Standard Book Number |
9780743294232 |
| 035 ## - SYSTEM CONTROL NUMBER |
| System control number |
(OCoLC)ocm69332311 |
| 040 ## - CATALOGING SOURCE |
| Original cataloging agency |
DLC |
| Transcribing agency |
DLC |
| Modifying agency |
BAKER |
| -- |
OCO |
| -- |
C#P |
| -- |
VP@ |
| -- |
IXA |
| -- |
DLC |
| 042 ## - AUTHENTICATION CODE |
| Authentication code |
pcc |
| 043 ## - GEOGRAPHIC AREA CODE |
| Geographic area code |
a-iq--- |
| -- |
n-us--- |
| 050 00 - LIBRARY OF CONGRESS CALL NUMBER |
| Classification number |
DS79.76 |
| Item number |
.G335 2006 |
| 082 00 - DEWEY DECIMAL CLASSIFICATION NUMBER |
| Classification number |
956.7044/3 |
| Edition number |
22 |
| 100 1# - MAIN ENTRY--PERSONAL NAME |
| Personal name |
Galbraith, Peter |
| Fuller form of name |
(Peter W.) |
| 245 14 - TITLE STATEMENT |
| Title |
The end of Iraq : |
| Remainder of title |
how American incompetence created a war without end / |
| Statement of responsibility, etc. |
Peter W. Galbraith. |
| 260 ## - PUBLICATION, DISTRIBUTION, ETC. |
| Place of publication, distribution, etc. |
New York : |
| Name of publisher, distributor, etc. |
Simon & Schuster, |
| Date of publication, distribution, etc. |
c2006. |
| 300 ## - PHYSICAL DESCRIPTION |
| Extent |
260 p., [8] p. of plates : |
| Other physical details |
ill., map ; |
| Dimensions |
25 cm. |
| 504 ## - BIBLIOGRAPHY, ETC. NOTE |
| Bibliography, etc. note |
Includes bibliographical references (p. 240-244) and index. |
| 650 #0 - SUBJECT ADDED ENTRY--TOPICAL TERM |
| Topical term or geographic name entry element |
Iraq War, 2003-2011. |
| 651 #0 - SUBJECT ADDED ENTRY--GEOGRAPHIC NAME |
| Geographic name |
Iraq |
| General subdivision |
History |
| Chronological subdivision |
2003- |
| 651 #0 - SUBJECT ADDED ENTRY--GEOGRAPHIC NAME |
| Geographic name |
Iraq |
| General subdivision |
History |
| Chronological subdivision |
1991-2003. |
| 651 #0 - SUBJECT ADDED ENTRY--GEOGRAPHIC NAME |
| Geographic name |
United States |
| General subdivision |
Military relations |
| Geographic subdivision |
Iraq. |
| 651 #0 - SUBJECT ADDED ENTRY--GEOGRAPHIC NAME |
| Geographic name |
Iraq |
| General subdivision |
Military relations |
| Geographic subdivision |
United States. |
| 651 #0 - SUBJECT ADDED ENTRY--GEOGRAPHIC NAME |
| Geographic name |
Iraq |
| General subdivision |
Ethnic relations. |
| 856 42 - ELECTRONIC LOCATION AND ACCESS |
| Materials specified |
Publisher description |
| Uniform Resource Identifier |
<a href="http://www.loc.gov/catdir/enhancements/fy0646/2006043701-d.html">http://www.loc.gov/catdir/enhancements/fy0646/2006043701-d.html</a> |
| 856 41 - ELECTRONIC LOCATION AND ACCESS |
| Materials specified |
Sample text |
| Uniform Resource Identifier |
<a href="http://www.loc.gov/catdir/enhancements/fy0661/2006043701-s.html">http://www.loc.gov/catdir/enhancements/fy0661/2006043701-s.html</a> |
| 856 41 - ELECTRONIC LOCATION AND ACCESS |
| Materials specified |
Table of contents |
| Uniform Resource Identifier |
<a href="http://www.loc.gov/catdir/enhancements/fy0661/2006043701-t.html">http://www.loc.gov/catdir/enhancements/fy0661/2006043701-t.html</a> |
| 856 42 - ELECTRONIC LOCATION AND ACCESS |
| Materials specified |
Contributor biographical information |
| Uniform Resource Identifier |
<a href="http://www.loc.gov/catdir/enhancements/fy1107/2006043701-b.html">http://www.loc.gov/catdir/enhancements/fy1107/2006043701-b.html</a> |
| 906 ## - LOCAL DATA ELEMENT F, LDF (RLIN) |
| a |
7 |
| b |
cbc |
| c |
orignew |
| d |
1 |
| e |
ocip |
| f |
20 |
| g |
y-gencatlg |
| 942 ## - ADDED ENTRY ELEMENTS (KOHA) |
| Source of classification or shelving scheme |
|
| Koha item type |
Book |